| 000 | 00674nam a2200217 a 4500 | ||
|---|---|---|---|
| 005 | 20210223120800.0 | ||
| 008 | 991125m19731999mx 000 0 spa u | ||
| 020 | _a9682303214 | ||
| 020 | _a9682318408 (13a ed.) | ||
| 035 | _aUPN01000006970 | ||
| 049 | _aCG | ||
| 050 | 4 |
_aRJ503 _bD6.28 |
|
| 100 | 1 |
_aDolto, Francoise, _d1908-1988 |
|
| 245 | 1 | 3 |
_aEl caso Dominique / _cpor Francoise Dolto ; tr. de Armando Suárez. |
| 260 |
_aMéxico : _bSiglo XXI, _c1973 (1999 impr.). |
||
| 300 | _a256 p. | ||
| 440 | 0 | _aPsicología y etología | |
| 650 | 4 |
_aPSIQUIATRIA - _xCASOS, INFORMES CLINICOS, ESTADISTICA _98372 |
|
| 650 | 4 |
_aPSIQUIATRIA DEL ADOLESCENTE _91095 |
|
| 905 | _aLibro | ||
| 999 |
_c6970 _d6970 |
||